La Fuga de capital en Centroamérica 1977-1988 /
Guardado en:
| Hovedforfatter: | |
|---|---|
| Format: | Texto |
| Sprog: | Spanish |
| Fag: | |
| Tags: |
Tilføj Tag
Ingen Tags, Vær først til at tagge denne postø!
|
MARC
| LEADER | 00000 a a2200000 04500 | ||
|---|---|---|---|
| 001 | 7853 | ||
| 003 | cru CRAI/IIS | ||
| 005 | 20210519163328.0 | ||
| 008 | 210519b |||||||| |||| 00| 0 spa d | ||
| 040 | |c cru CRAI/IIS | ||
| 100 | 1 | |a Glower, Carlos J. | |
| 245 | 1 | 4 | |a La Fuga de capital en Centroamérica 1977-1988 / |c Carlos J. Glower |
| 500 | |a Colección Centroamérica | ||
| 650 | |a RECESION ECONOMICA | ||
| 650 | |a PROBLEMAS POLITICOS | ||
| 650 | |a SECTOR PUBLICO | ||
| 650 | |a SECTOR PRIVADO | ||
| 650 | |a PAISES EN DESARROLLO | ||
| 650 | |a PAISES DESARROLLADOS | ||
| 650 | |a EXPORTACION DE CAPITALES | ||
| 650 | |a CREDITO | ||
| 650 | |a DEUDA EXTERNA | ||
| 650 | |a BALANZA DE PAGOS | ||
| 650 | |a RESERVAS MONETARIAS | ||
| 650 | |a CAPITAL DE OPERACIONES | ||
| 773 | |g número 45; páginas 56-69 | ||
| 773 | 0 | |0 18875 |9 5300 |a Universidad de Costa Rica. |d San José, Costa Rica: Universidad de Costa Rica. Consejo Superior Universitario Centroamericano, 1972- |o 14673 |t Estudios Sociales Centroamericanos / |x 03039676 | |
| 942 | |2 ddc |c PP | ||
| 999 | |c 28214 |d 28214 | ||
